Los mangos bajitos. / (Registro nro. 7405)

Detalles MARC
000 -LEADER
fixed length control field 00677nam a2200217 a 4500
001 - CONTROL NUMBER
control field 000044274
003 - CONTROL NUMBER IDENTIFIER
control field DO-SdBNP
005 - DATE AND TIME OF LATEST TRANSACTION
control field 20150216133431.0
007 - PHYSICAL DESCRIPTION FIXED FIELD--GENERAL INFORMATION
fixed length control field 000044274
008 - FIXED-LENGTH DATA ELEMENTS--GENERAL INFORMATION
fixed length control field 140612s200u dr a 000 p spa d
010 ## - LIBRARY OF CONGRESS CONTROL NUMBER
LC control number 000044274
040 ## - CATALOGING SOURCE
Original cataloging agency BPMET
Language of cataloging spa
Transcribing agency BPMET
100 1# - MAIN ENTRY--PERSONAL NAME
Personal name Alix, Juan Antonio
245 14 - TITLE STATEMENT
Title Los mangos bajitos. /
Statement of responsibility, etc. Juan Antonio Alix.
260 ## - PUBLICATION, DISTRIBUTION, ETC. (IMPRINT)
Place of publication, distribution, etc. Santo Domingo :
Name of publisher, distributor, etc. Ministerio de Cultura
-- Nacional,
Date of publication, distribution, etc. Oficina de la feria del libro
-- [200u].
300 ## - PHYSICAL DESCRIPTION
Extent 12 p. ;
Dimensions 21 cm.
930 #1 - EQUIVALENCE OR CROSS-REFERENCE-UNIFORM TITLE HEADING [LOCAL, CANADA]
Language of a work BND01
Medium of performance for music LF1
Field link and sequence number 20140612
Date of a work 01
Name of part/section of a work HD
Miscellaneous information 45172
Medium e. 2
942 ## - ADDED ENTRY ELEMENTS (KOHA)
Source of classification or shelving scheme Dewey Decimal Classification
Koha item type Libros
956 ## - LOCAL ELECTRONIC LOCATION AND ACCESS (OCLC)
Host name DGARCIA
Access number 10
Compression information 20140612
Logon BND01
Processor of request 1008
956 ## - LOCAL ELECTRONIC LOCATION AND ACCESS (OCLC)
Host name YLOCKWARD
Access number 10
Compression information 20140617
Logon BND01
Processor of request 1418
Existencias
Withdrawn status Lost status Source of classification or shelving scheme Damaged status Not for loan Collection code Home library Current library Date acquired Total Checkouts Barcode Date last seen Price effective from Koha item type
    Dewey Decimal Classification       Biblioteca Pública Metropolitana Salomé Ureña Biblioteca Pública Metropolitana Salomé Ureña 02/16/2015   BPMET15041308 02/16/2015 02/16/2015 Libros